[Event "Foment Martinenc op-C 23rd"]
[Site "Barcelona"]
[Date "2023.06.03"]
[Round "7"]
[White "Carrasco Gomez, Ariadna"]
[Black "Ferran Giralt, Bernat"]
[Result "1/2-1/2"]
[WhiteElo "1526"]
[BlackElo "1151"]
[PlyCount "85"]
[EventDate "2023.04.22"]
[EventType "swiss"]
[EventRounds "9"]
[EventCountry "ESP"]
[SourceTitle "EXT 2024"]
[Source "ChessBase"]
[SourceDate "2023.10.10"]
[SourceVersion "1"]
[SourceVersionDate "2023.10.10"]
[SourceQuality "1"]

1. e4 c5 2. Nc3 g6 3. Bc4 Nc6 4. d3 Bg7 5. a3 Nf6 6. Ba2 0-0 7. Nf3 d6 8. h3 Bd7 9. 0-0 a6 10. Bg5 Qb6 11. Rb1 Qd8 12. Re1 h6 13. Bf4 Nh5 14. Bd2 b6 15. Qc1 Kh8 16. Ne2 Qc8 17. Nf4 Nxf4 18. Bxf4 Be6 19. Bxe6 Qxe6 20. Qd2 Rfe8 21. c3 g5 22. Bxg5 Ne5 23. Nxe5 Qxe5 24. Bf4 Qe6 25. Re3 Rg8 26. Rg3 Be5 27. Bxe5+ Qxe5 28. Rxg8+ Rxg8 29. Qe3 Qg7 30. Qf3 e6 31. Rd1 Rf8 32. Qg3 Qxg3 33. fxg3 Kg7 34. Kf2 Rg8 35. Rc1 Kf6 36. b4 e5 37. bxc5 dxc5 38. Rb1 b5 39. a4 Rb8 40. axb5 axb5 41. Ke3 Ke6 42. g4 f6 43. Kd2 1/2-1/2

[Event "Foment Martinenc op-C 23rd"]
[Site "Barcelona"]
[Date "2023.05.27"]
[Round "6"]
[White "Ferran Giralt, Bernat"]
[Black "Garcia Huerta, Joaquin Marc"]
[Result "1-0"]
[WhiteElo "1151"]
[BlackElo "1402"]
[PlyCount "99"]
[EventDate "2023.04.22"]
[EventType "swiss"]
[EventRounds "9"]
[EventCountry "ESP"]
[SourceTitle "EXT 2024"]
[Source "ChessBase"]
[SourceDate "2023.10.10"]
[SourceVersion "1"]
[SourceVersionDate "2023.10.10"]
[SourceQuality "1"]

1. d4 f5 2. c4 e6 3. Nc3 Bb4 4. Nf3 Bxc3+ 5. bxc3 Nf6 6. Bg5 0-0 7. g3 b6 8. Bg2 Bb7 9. 0-0 h6 10. Bf4 d5 11. cxd5 Nxd5 12. Qb3 Qd7 13. Ne5 Qe8 14. c4 Nxf4 15. Bxb7 Nxe2+ 16. Kh1 Nxd4 17. Qd3 Qd8 18. Bxa8 c5 19. Rad1 Nbc6 20. Bxc6 Nxc6 21. Nxc6 Qc7 22. Qd7 Qxd7 23. Rxd7 Rc8 24. Nxa7 Ra8 25. Rfd1 Kh7 26. R1d6 b5 27. Nxb5 Rxa2 28. Rc7 Rxf2 29. Rxe6 Rb2 30. Rxc5 Rb1+ 31. Kg2 Rb2+ 32. Kh3 h5 33. Rxf5 g6 34. Rc5 Kh6 35. Rcc6 Kg7 36. Rxg6+ Kf7 37. Rb6 Rc2 38. Rgc6 Re2 39. Rb7+ Re7 40. Rcc7 Rxc7 41. Rxc7+ Kg6 42. Rd7 Kf6 43. c5 Ke6 44. Rd1 Ke7 45. c6 Ke8 46. c7 Ke7 47. c8Q h4 48. Qc6 hxg3 49. Rd7+ Ke8 50. Qc8# 1-0

[Event "Foment Martinenc op-C 23rd"]
[Site "Barcelona"]
[Date "2023.05.06"]
[Round "3"]
[White "Negre Pipla, Josep"]
[Black "Ferran Giralt, Bernat"]
[Result "1/2-1/2"]
[WhiteElo "1478"]
[BlackElo "1151"]
[PlyCount "50"]
[EventDate "2023.04.22"]
[EventType "swiss"]
[EventRounds "9"]
[EventCountry "ESP"]
[SourceTitle "EXT 2024"]
[Source "ChessBase"]
[SourceDate "2023.10.10"]
[SourceVersion "1"]
[SourceVersionDate "2023.10.10"]
[SourceQuality "1"]

1. e4 c5 2. Nf3 g6 3. d4 cxd4 4. Nxd4 Nc6 5. Be3 Nf6 6. Nc3 Bg7 7. f3 0-0 8. Qd2 d5 9. exd5 Nxd5 10. Nxc6 bxc6 11. Nxd5 Qxd5 12. Qxd5 cxd5 13. c3 Bd7 14. 0-0-0 e6 15. Bd3 a5 16. h4 Rfb8 17. h5 Bb5 18. hxg6 fxg6 19. Bxb5 Rxb5 20. Bd4 a4 21. Bxg7 Kxg7 22. a3 Rab8 23. Rd2 h5 24. Rh4 Ra5 25. Re2 Ra6 1/2-1/2